| 000 | 00383cam a2200157ua 4500 | ||
|---|---|---|---|
| 041 |
_aeng _h |
||
| 082 |
_a823 _bDIC/DA |
||
| 100 | _aDickens, Charles. | ||
| 245 |
_aDavid Copperfield / _cCharles Dickens. _hTextual Documents |
||
| 250 |
_a1 / _b. |
||
| 260 |
_aLondon : _bOxford University Press , _c1962. |
||
| 300 | _a318 ; . | ||
| 504 | _a | ||
| 942 | _cBK | ||
| 999 |
_c6960 _d6960 |
||